| 000 | 00564nam a2200241Ia 4500 | ||
|---|---|---|---|
| 008 | 170203s9999 xx 000 0 und d | ||
| 020 | _a0-786849363 | ||
| 050 | _aFic | ||
| 050 | _b.D727 2006 | ||
| 100 | _aKallis, Danny | ||
| 245 | _aDouble Trouble / | ||
| 245 | _cDanny Kallis. | ||
| 260 | _aNew York : | ||
| 260 | _bDisney Enterprises, Inc. | ||
| 260 | _c2006 | ||
| 300 | _a76 pages ; | ||
| 300 | _bcol. ill. ; | ||
| 300 | _c20 cm. | ||
| 650 | _aHotels-- | ||
| 650 | _aTwins-- | ||
| 650 | _xJuvenile fiction. | ||
| 650 | _xJuvenile fiction. | ||
| 999 |
_c306049 _d306049 |
||